000 00489nam a2200205Ia 4500
003 GCL
008 140319s9999 xx 000 0 eng d
040 _aGCL /
_cGCL
082 0 4 _a720
_bA P
100 1 _aACADEMY EDITIONS
245 1 0 _aPANOS KOULERMOS /
_cACADEMY EDITIONS
260 _a[S.N] :
_bACADEMY EDITIONS ،
_c1994
300 _a144 P
650 0 4 _aMUSEUMS
650 0 4 _aCENTERS
650 0 4 _aARCHITECTURE
650 0 4 _aHOUSES
650 0 4 _aARCHITECTS
942 _2ddc
_cBK
999 _c12552
_d12552